Canadiens de Montréal: 20 gardiens de but ayant le plus de victoire - Statistiques

Statistiques générales
  • Ce quiz a été pris 82 fois
  • Le résultat moyen est 6 sur 20
Statistiques - réponses
Hint Réponse % Correct
360 victoires Carey Price
100%
289 victoires Patrick Roy
91%
314 victoires Jacques Plante
82%
258 victoires Ken Dryden
68%
141 victoires Jose Théodore
62%
58 victoires Cristobal Huet
48%
67 victoires Jocelyn Thibault
31%
103 victoires Georges Vézina
29%
167 victoires George Hainsworth
20%
90 victoires Gump Worsley
17%
63 victoires Jeff Hackett
17%
108 victoires Rogie Vachon
17%
208 victoires Bill Durnan
14%
144 victoires Michel Larocque
12%
71 victoires Brian Hayward
9%
72 victoires Rick Wamsley
8%
119 victoires Charlie Hodge
6%
119 victoires Gerry McNeil
6%
67 victoires Richard Sevigny
5%
80 victoires Wilf Cude
0%
Aucun quiz correspondant
Distribution des résultats
% des personnes avec chaque résultat
Percentile par nombre de réponses
Votre historique - résultats
Vous n’avez pas pris ce quiz